000 00537nam a22001817a 4500
999 _c10575
_d10575
003 AR-CdUCM
008 190401b ||||| |||| 00| 0 spa d
020 _a9972-728-05-6
040 _aMUNICIPALIDAD PROVINCIAL DEL CUSCO
_cBIBLIOTECA MUNICIPAL DEL CUSCO
082 _aES / 800 /
_bL32
245 _aLazarillo de tormes /
260 _aLima :
_bFondo editorial navarrete,
300 _a127 paginas ;
_c15 cm.
505 _aContenido :Lazarillo de tormes.
650 _aLiteratura peruana
_9169
942 _2ddc
_cLIBROS
945 _arum